Anagrams #4 - Statistics

General Stats
  • This quiz has been taken 108 times
  • The average score is 4 of 6
Answer Stats
word % Correct
started
100%
spared
91%
drapes
78%
spread
69%
rasped
48%
padres
35%
No matching quizzes found
Score Distribution
Percent of People with Each Score
Percentile by Number Answered
Your Score History
You have not taken this quiz